| 000 | 00926nam a22002417a 4500 | ||
|---|---|---|---|
| 003 | BD-DhSAU | ||
| 005 | 20190113094145.0 | ||
| 008 | 151014b2016 bg ||||| |||| 001 0 eng d | ||
| 040 | _aBD-DhSAU | ||
| 082 |
_222 _a581.2 _bM7396 |
||
| 100 |
_aMOUMITA MOMI _eReg. No. 10-04117 |
||
| 245 |
_aMorphological characterization and distribution of macrofungi in gajni forest of bangladesh / _bMS Thesis |
||
| 260 |
_aSher-e- Bangla Agricultural University : _bDepartment of Plant Pathology, _c2016 |
||
| 300 |
_aviii, 110 p. : _bill. ; _c30 cm. |
||
| 590 | _aShofi | ||
| 650 | _aPlant Pathology | ||
| 650 | _aMORPHOLOGICAL CHARACTERIZATION AND DISTRIBUTION | ||
| 650 |
_aMACROFUNGI _zGAJNI FOREST OF BANGLADESH |
||
| 700 |
_aAminuzzamn, F. M. _eSupervisor |
||
| 700 |
_aHossain, Md. Belal _eCo-Supervisor |
||
| 856 |
_uhttp://archive.saulibrary.edu.bd:8080/xmlui/handle/123456789/22 _yOnline Access |
||
| 942 |
_2ddc _cTHESIS |
||
| 999 |
_c13991 _d13990 |
||